Stati della NATO - Statistics

Statistiche generali
  • Questo quiz è stato fatto 68 volte
    39 dall'ultimo reset
  • Il punteggio medio è 30 su 32
Statistiche sulle risposte
Anno di adesione Stato % Corretto
2004 Bulgaria
100%
Canada
100%
Croazia
100%
1955 Germania
100%
Italia
100%
Norvegia
100%
Paesi Bassi
100%
Regno Unito
100%
Romania
100%
Slovacchia
100%
Slovenia
100%
1982 Spagna
100%
Stati Uniti
100%
1949 Belgio
97%
Estonia
97%
2023 Finlandia
97%
Francia
97%
Lettonia
97%
Lituania
97%
2024 Svezia
97%
Danimarca
93%
Repubblica Ceca
93%
2009 Albania
90%
Lussemburgo
90%
1999 Polonia
90%
Portogallo
90%
Ungheria
90%
1952 Grecia
86%
Turchia
86%
2020 Macedonia del Nord
83%
Islanda
79%
2017 Montenegro
76%
Nessun quiz corrispondente trovato
Distribuzione punteggi
Percentuale di utenti per punteggio
Percentile per numero di risposta
I tuoi punteggi nel tempo
Non hai fatto questo quiz dall'ultimo reset